[Event "Panevezys Elite Open 2019"]
[Site "Panevezys"]
[Date "2019.06.30"]
[Round "9"]
[White "Laurusas, Tomas"]
[Black "Ulybin, Mikhail"]
[Result "0-1"]
[WhiteElo "2507"]
[BlackElo "2474"]
[Annotator "ChessBase"]
[PlyCount "68"]
[EventDate "2019.??.??"]
[EventCountry "LTU"]
[SourceTitle "playchess.com"]
[Source "ChessBase"]
[SourceQuality "1"]
[TimeControl "40/5400+30:1800+30"]

1. d4 e6 2. c4 f5 3. g3 Nf6 4. Bg2 d5 5. Nh3 c6 6. O-O Bd6 7. Nd2 O-O 8. Qc2 b6 9. Nf4 Qe7 10. Nf3 Ne4 11. Nd3 Ba6 12. Nfe5 Rc8 13. b3 Nd7 14. Bb2 Nxe5 15. Nxe5 Bxe5 16. dxe5 dxc4 17. bxc4 Qb4 18. Rfc1 Rd8 19. Qb3 Qc5 20. Bxe4 fxe4 21. Rc2 Rd7 22. Qc3 Rf8 23. Rf1 Rf5 24. g4 Rf4 25. Qg3 Qf8 26. c5 e3 27. Qxe3 Rxg4+ 28. Kh1 Qf5 29. Rd2 Re4 30. Rxd7 Rxe3 31. Rg1 g5 32. fxe3 Qe4+ 33. Rg2 Bxe2 34. h3 Bf3 0-1

[Event "Panevezys Elite Open 2019"]
[Site "Panevezys"]
[Date "2019.06.30"]
[Round "9"]
[White "Gleizerov, Evgeny"]
[Black "Kubicka, Anna"]
[Result "1-0"]
[WhiteElo "2495"]
[BlackElo "2162"]
[Annotator "ChessBase"]
[PlyCount "106"]
[EventDate "2019.??.??"]
[EventCountry "LTU"]
[SourceTitle "playchess.com"]
[Source "ChessBase"]
[SourceQuality "1"]
[TimeControl "40/5400+30:1800+30"]

1. d4 Nf6 2. c4 e6 3. g3 d5 4. Nf3 dxc4 5. Bg2 Bb4+ 6. Nc3 O-O 7. O-O Nbd7 8. Qc2 a6 9. Rd1 h6 10. Ne5 Nxe5 11. dxe5 Nd7 12. Ne4 Qe7 13. a3 Ba5 14. Bxh6 Nxe5 15. Bg5 f6 16. Bf4 Nf7 17. Qxc4 Bb6 18. Qc3 e5 19. Be3 Bxe3 20. Qxe3 Be6 21. Qc5 Rae8 22. Qxe7 Rxe7 23. Nc5 c6 24. Nxe6 Rxe6 25. Rd7 Rb8 26. Rad1 Kf8 27. Bh3 Ree8 28. Rc7 Red8 29. Rxd8+ Nxd8 30. Kf1 a5 31. Ke1 Nf7 32. Be6 Nd8 33. Ba2 b5 34. Rd7 c5 35. Bd5 b4 36. a4 Rc8 37. b3 g6 38. h4 f5 39. Rh7 Rb8 40. Ra7 c4 41. Bxc4 Nc6 42. Rf7+ Ke8 43. Rf6 Nd4 44. Rxg6 Ke7 45. Ra6 Rd8 46. Rxa5 Nc2+ 47. Kf1 Rd1+ 48. Kg2 Kf6 49. Ra6+ Kg7 50. h5 Ne1+ 51. Kh2 f4 52. gxf4 exf4 53. Rb6 Rd2 1-0

[Event "Panevezys Elite Open 2019"]
[Site "Panevezys"]
[Date "2019.06.30"]
[Round "9"]
[White "Harutjunyan, Gevorg"]
[Black "Sulskis, Sarunas"]
[Result "1/2-1/2"]
[WhiteElo "2446"]
[BlackElo "2528"]
[Annotator "ChessBase"]
[PlyCount "61"]
[EventDate "2019.??.??"]
[EventCountry "LTU"]
[SourceTitle "playchess.com"]
[Source "ChessBase"]
[SourceQuality "1"]
[TimeControl "40/5400+30:1800+30"]

1. e4 e5 2. Nf3 Nc6 3. Bc4 Nf6 4. Ng5 d5 5. exd5 b5 6. Be2 Nd4 7. Nf3 Bd6 8. d3 Nxe2 9. Qxe2 O-O 10. Bg5 h6 11. Bxf6 Qxf6 12. Nc3 Bg4 13. Ne4 Qg6 14. h3 Bxf3 15. Qxf3 f5 16. Nxd6 Qxd6 17. O-O Qb4 18. Rab1 Rad8 19. Rfe1 Qd4 20. b4 Rxd5 21. c3 Qxd3 22. Qxd3 Rxd3 23. Rxe5 Rxc3 24. Rxb5 Rf6 25. Ra5 a6 26. b5 axb5 27. Rbxb5 Rc1+ 28. Kh2 Rc2 29. Rxf5 Rxf2 30. Rxf2 Rxf2 31. a4 1/2-1/2

[Event "Panevezys Elite Open 2019"]
[Site "Panevezys"]
[Date "2019.06.30"]
[Round "9"]
[White "Krishna Teja, N."]
[Black "Badelka, Olga"]
[Result "0-1"]
[WhiteElo "2357"]
[BlackElo "2391"]
[Annotator "NA"]
[PlyCount "105"]
[EventDate "2019.??.??"]
[EventCountry "LTU"]
[SourceTitle "playchess.com"]
[Source "ChessBase"]
[SourceQuality "1"]
[TimeControl "40/5400+30:1800+30"]

1. d4 d5 2. c4 dxc4 3. e4 Nf6 4. e5 Nd5 5. Bxc4 Nb6 6. Bd3 Nc6 7. Ne2 Bg4 8. Be3 e6 9. Nbc3 Qd7 10. O-O O-O-O 11. f3 Bh5 12. a4 a6 13. a5 Nd5 14. Nxd5 exd5 15. Ng3 Bg6 16. f4 Bxd3 17. Qxd3 f6 18. Bd2 h5 19. Rae1 Re8 20. Qe3 h4 21. e6 Qd8 22. Nf5 g6 23. e7 Bxe7 24. Qe6+ Qd7 25. Nxe7+ Nxe7 26. Qxf6 h3 27. g3 Qf5 28. Qe6+ Qxe6 29. Rxe6 Kd7 30. Re5 c6 31. g4 Nc8 32. Kf2 Nd6 33. Rfe1 Ne4+ 34. Ke3 Rh4 35. Rg1 Rxe5 36. fxe5 Ke6 37. b4 Rh8 38. Rf1 Rb8 39. Be1 b6 40. axb6 Rxb6 41. Rf8 a5 42. bxa5 Rb3+ 43. Ke2 Rb2+ 44. Kf1 Rxh2 45. Rh8 c5 46. a6 Ra2 47. dxc5 Nxc5 48. Rxh3 Kxe5 49. Rc3 Ne4 50. Rc6 g5 51. Rb6 Kd4 52. Kg1 Ra1 53. Kf1 0-1

[Event "Panevezys Elite Open 2019"]
[Site "Panevezys"]
[Date "2019.06.30"]
[Round "9"]
[White "Krykun, Yuriy"]
[Black "Krivonosov, Oleg"]
[Result "1/2-1/2"]
[WhiteElo "2342"]
[BlackElo "2411"]
[Annotator "ChessBase"]
[PlyCount "88"]
[EventDate "2019.??.??"]
[EventCountry "LTU"]
[SourceTitle "playchess.com"]
[Source "ChessBase"]
[SourceQuality "1"]
[TimeControl "40/5400+30:1800+30"]

1. d4 d5 2. c4 e6 3. Nc3 Be7 4. Nf3 Nf6 5. g3 O-O 6. Bg2 c6 7. O-O Nbd7 8. Qd3 b6 9. b3 Bb7 10. Bb2 Rc8 11. Rfd1 Qc7 12. Rac1 Qb8 13. e4 dxe4 14. Nxe4 c5 15. Nxf6+ Bxf6 16. Ne5 Nxe5 17. dxe5 Bg5 18. f4 Rfd8 19. Qc2 Be7 20. Be4 g6 21. Qg2 Bxe4 22. Qxe4 Rxd1+ 23. Rxd1 Rd8 24. Rxd8+ Qxd8 25. Bc3 Qd1+ 26. Be1 h5 27. h4 Qa1 28. Qe2 Qb1 29. Kh2 Kg7 30. Bf2 Kg8 31. Qd2 Kf8 32. Be3 Qe4 33. Bg1 Kg8 34. a4 Kg7 35. Bf2 Qb1 36. Qe3 Qf1 37. Bg1 Kg8 38. Qd2 Kg7 39. Qf2 Qd3 40. Qe3 Qf1 41. Qd2 Kg8 42. Qg2 Qd3 43. Qb2 Qf1 44. Qg2 Qd3 1/2-1/2

[Event "Panevezys Elite Open 2019"]
[Site "Panevezys"]
[Date "2019.06.30"]
[Round "9"]
[White "Stauskas, Lukas"]
[Black "Brazdzionis, Andrius"]
[Result "1-0"]
[WhiteElo "2306"]
[BlackElo "2337"]
[Annotator "NA"]
[PlyCount "49"]
[EventDate "2019.??.??"]
[EventCountry "LTU"]
[SourceTitle "playchess.com"]
[Source "ChessBase"]
[SourceQuality "1"]
[TimeControl "40/5400+30:1800+30"]

1. d4 d5 2. c4 e6 3. Nc3 a6 4. cxd5 exd5 5. Bf4 Nf6 6. e3 Bd6 7. Bg3 O-O 8. Bd3 Re8 9. Nge2 c6 10. Qc2 Bg4 11. Bh4 h6 12. f3 Be6 13. e4 dxe4 14. fxe4 Be7 15. O-O Nbd7 16. h3 Rc8 17. Rad1 Nf8 18. Kh1 c5 19. d5 Bd7 20. d6 Bxd6 21. Bxf6 gxf6 22. Qc1 Nh7 23. e5 Bf8 24. Bxh7+ Kxh7 25. Qd2 1-0

[Event "Panevezys Elite Open 2019"]
[Site "Panevezys"]
[Date "2019.06.30"]
[Round "9"]
[White "Juksta, Karolis"]
[Black "Semjonovs, Ilja"]
[Result "1/2-1/2"]
[WhiteElo "2261"]
[BlackElo "2383"]
[Annotator "NA"]
[PlyCount "100"]
[EventDate "2019.??.??"]
[EventCountry "LTU"]
[SourceTitle "playchess.com"]
[Source "ChessBase"]
[SourceQuality "1"]
[TimeControl "40/5400+30:1800+30"]

1. d4 Nf6 2. c4 g6 3. Nc3 d5 4. cxd5 Nxd5 5. e4 Nxc3 6. bxc3 Bg7 7. Nf3 O-O 8. Be2 c5 9. O-O b6 10. Bg5 Bb7 11. Qd3 cxd4 12. cxd4 Qd7 13. Rad1 e6 14. Qe3 Nc6 15. d5 exd5 16. exd5 Na5 17. Ne5 Bxe5 18. Qxe5 f6 19. Bxf6 Rae8 20. Qb2 Rxe2 21. Qxe2 Rxf6 22. Rd4 b5 23. h4 Nc4 24. Rfd1 Nd6 25. h5 Kg7 26. Qe5 Nf7 27. h6+ Nxh6 28. Rf4 Qd6 29. Qxf6+ Qxf6 30. Rxf6 Kxf6 31. Rb1 Nf7 32. Rxb5 Nd6 33. Rc5 a6 34. f3 h5 35. Kf2 Ke5 36. Ke3 Bxd5 37. a4 h4 38. Kd3 Ke6 39. Ke3 g5 40. Rc7 g4 41. fxg4 Bxg2 42. Rh7 h3 43. Kf4 Nc4 44. Rh6+ Kf7 45. Kg3 a5 46. Rh5 Ne3 47. Rxa5 Nxg4 48. Kxg4 h2 49. Rh5 h1=Q 50. Rxh1 Bxh1 1/2-1/2

[Event "Panevezys Elite Open 2019"]
[Site "Panevezys"]
[Date "2019.06.30"]
[Round "9"]
[White "Sliwicka, Alicja"]
[Black "Rudzinska, Michalina"]
[Result "1/2-1/2"]
[WhiteElo "2261"]
[BlackElo "2143"]
[Annotator "NA"]
[PlyCount "103"]
[EventDate "2019.??.??"]
[EventCountry "LTU"]
[SourceTitle "playchess.com"]
[Source "ChessBase"]
[SourceQuality "1"]
[TimeControl "40/5400+30:1800+30"]

1. e4 c5 2. Nf3 e6 3. c4 a6 4. Nc3 Nc6 5. d4 cxd4 6. Nxd4 Qc7 7. Be3 Nf6 8. Rc1 Be7 9. Be2 d6 10. f3 O-O 11. O-O Nxd4 12. Bxd4 Nd7 13. Qd2 b6 14. Rfd1 Bb7 15. Bf1 Rac8 16. a3 Qb8 17. Qf2 Bd8 18. Qg3 g6 19. Qh3 Bg5 20. Rc2 e5 21. Bf2 Bc6 22. Bh4 Be3+ 23. Bf2 Bxf2+ 24. Rxf2 Nc5 25. Qh6 Ne6 26. Nd5 Bxd5 27. cxd5 Ng7 28. Bxa6 Rc5 29. Bd3 f5 30. Qd2 Qc7 31. a4 fxe4 32. fxe4 Rxf2 33. Qxf2 Rc1 34. Rxc1 Qxc1+ 35. Bf1 Qc7 36. b4 Nh5 37. b5 Kg7 38. a5 bxa5 39. b6 Qb8 40. Qb2 Nf6 41. Qb5 a4 42. Qc6 a3 43. Bc4 Kh6 44. Qc7 Nd7 45. Qxb8 Nxb8 46. Kf2 Nd7 47. b7 Kg5 48. Ke3 Kf6 49. Kd2 Ke7 50. Kc3 Kd8 51. Bb5 Nb8 52. Kb3 1/2-1/2

[Event "Panevezys Elite Open 2019"]
[Site "Panevezys"]
[Date "2019.06.30"]
[Round "9"]
[White "Zaura, Vidmantas"]
[Black "Cholleti Sahajasri"]
[Result "1/2-1/2"]
[WhiteElo "2223"]
[BlackElo "2207"]
[Annotator "NA"]
[PlyCount "73"]
[EventDate "2019.??.??"]
[EventCountry "LTU"]
[SourceTitle "playchess.com"]
[Source "ChessBase"]
[SourceQuality "1"]
[TimeControl "40/5400+30:1800+30"]

1. Nf3 c5 2. c4 Nc6 3. Nc3 g6 4. g3 Bg7 5. Bg2 e6 6. e3 Nge7 7. d4 cxd4 8. exd4 d5 9. O-O O-O 10. cxd5 exd5 11. Qb3 Bg4 12. Be3 Qd7 13. Rfe1 Rfe8 14. Ne2 Nf5 15. Nf4 Rad8 16. h3 Bxf3 17. Bxf3 Nfxd4 18. Bxd4 Nxd4 19. Rxe8+ Qxe8 20. Qd3 Nxf3+ 21. Qxf3 Qe4 22. Qb3 d4 23. Nd3 Qf5 24. Rc1 Qxh3 25. Rc7 Qf5 26. Rxb7 h5 27. Rxa7 h4 28. gxh4 Qg4+ 29. Kf1 Qh3+ 30. Kg1 Qg4+ 31. Kf1 Qf3 32. Re7 Bf8 33. Re5 Qh3+ 34. Ke2 Qxh4 35. Qb7 Bd6 36. Qe4 Qh3 37. Re8+ 1/2-1/2

[Event "Panevezys Elite Open 2019"]
[Site "Panevezys"]
[Date "2019.06.30"]
[Round "9"]
[White "Zhukov, Anton"]
[Black "Stremavicius, Titas"]
[Result "0-1"]
[WhiteElo "2178"]
[BlackElo "2477"]
[Annotator "ChessBase"]
[PlyCount "78"]
[EventDate "2019.??.??"]
[EventCountry "LTU"]
[SourceTitle "playchess.com"]
[Source "ChessBase"]
[SourceQuality "1"]
[TimeControl "40/5400+30:1800+30"]

1. d4 Nf6 2. c4 e6 3. Nf3 d5 4. Nc3 Nbd7 5. Bf4 dxc4 6. e3 Nd5 7. Bxc4 Nxf4 8. exf4 Nb6 9. Bb3 g6 10. O-O Bg7 11. Rc1 O-O 12. Qe2 a5 13. a3 Nd5 14. g3 Ne7 15. Rfd1 c6 16. Bc2 Nd5 17. Bb1 a4 18. h4 Ra5 19. Ne5 Nxc3 20. Rxc3 Qe7 21. h5 Rd8 22. hxg6 hxg6 23. Be4 Bd7 24. Kg2 Be8 25. Qc2 g5 26. fxg5 Bxe5 27. dxe5 Rxd1 28. Qxd1 Rxe5 29. Qxa4 c5 30. Qc2 Rxe4 31. Rxc5 Rd4 32. Rc8 Rd8 33. Qc7 Qxc7 34. Rxc7 Bc6+ 35. Kf1 Bf3 36. Rc1 Rd2 37. Rb1 Kg7 38. a4 Be4 39. Ke1 Rxf2 0-1

[Event "Panevezys Elite Open 2019"]
[Site "Panevezys"]
[Date "2019.06.30"]
[Round "9"]
[White "Kaunas, Kestutis"]
[Black "Kalinowska, Zuzanna"]
[Result "1/2-1/2"]
[WhiteElo "2151"]
[BlackElo "2093"]
[Annotator "NA"]
[PlyCount "106"]
[EventDate "2019.??.??"]
[EventCountry "LTU"]
[SourceTitle "playchess.com"]
[Source "ChessBase"]
[SourceQuality "1"]
[TimeControl "40/5400+30:1800+30"]

1. d4 Nf6 2. c4 e6 3. Nf3 b6 4. g3 Bb7 5. Bg2 Bb4+ 6. Nbd2 c5 7. a3 Bxd2+ 8. Qxd2 cxd4 9. Qxd4 Nc6 10. Qc3 h6 11. b4 Ne7 12. O-O Rc8 13. Bb2 Qc7 14. Rac1 O-O 15. Rfd1 Rfd8 16. Qd3 Ne8 17. c5 bxc5 18. Rxc5 Qb8 19. Rxc8 Qxc8 20. a4 d6 21. b5 Qa8 22. Bf1 Ng6 23. Rc1 Rc8 24. Rxc8 Qxc8 25. Qc3 Ne7 26. Qxc8 Nxc8 27. Nd2 Nc7 28. e4 a6 29. bxa6 Nxa6 30. f3 Nc5 31. a5 Kf8 32. Kf2 e5 33. Ba3 Ke7 34. Bxc5 dxc5 35. a6 Ba8 36. Nc4 f6 37. Bh3 Na7 38. Ke3 Bc6 39. Nb6 Kd8 40. Be6 Kc7 41. Nd5+ Kd6 42. Bg8 Bb5 43. Nb6 Bxa6 44. Bc4 Bxc4 45. Nxc4+ Kc6 46. f4 exf4+ 47. Kxf4 Nb5 48. e5 fxe5+ 49. Kxe5 Nd4 50. h4 Kb5 51. Nd6+ Kb4 52. h5 Ne2 53. g4 c4 1/2-1/2

[Event "Panevezys Elite Open 2019"]
[Site "Panevezys"]
[Date "2019.06.30"]
[Round "9"]
[White "Sinitsina, Anastassia"]
[Black "Harshita Guddanti"]
[Result "0-1"]
[WhiteElo "2095"]
[BlackElo "2072"]
[Annotator "NA"]
[PlyCount "106"]
[EventDate "2019.??.??"]
[EventCountry "LTU"]
[SourceTitle "playchess.com"]
[Source "ChessBase"]
[SourceQuality "1"]
[TimeControl "40/5400+30:1800+30"]

1. Nf3 Nf6 2. g3 d5 3. c4 e6 4. Bg2 Be7 5. O-O O-O 6. Qc2 c5 7. d3 Nc6 8. a3 d4 9. e3 e5 10. exd4 exd4 11. Re1 h6 12. Nbd2 Bd6 13. Ne4 Nxe4 14. Rxe4 Bf5 15. Re1 a5 16. Nd2 Re8 17. Ne4 Bf8 18. Bd2 a4 19. b3 Bd7 20. f4 f5 21. Nf2 axb3 22. Qxb3 Qc7 23. Bf3 Nd8 24. Bd5+ Kh8 25. Rxe8 Bxe8 26. a4 Bc6 27. Bxc6 Qxc6 28. a5 Bd6 29. Qd1 Bc7 30. Qh5 Qd7 31. Qf3 Nc6 32. Re1 Nxa5 33. Rb1 Ra7 34. Rb5 b6 35. Bxa5 Rxa5 36. Rxa5 bxa5 37. Qb7 Kh7 38. Qa6 Qe7 39. Qc6 Bd8 40. Kf1 Bc7 41. Nd1 Qd6 42. Qb5 Bd8 43. Nb2 Qe7 44. Na4 Qe3 45. Nxc5 Be7 46. Qd7 Bxc5 47. Qxf5+ Kg8 48. Qxc5 Qxd3+ 49. Kf2 a4 50. Qd5+ Kh7 51. c5 a3 52. c6 Qc2+ 53. Kf3 a2 0-1

[Event "Panevezys Elite Open 2019"]
[Site "Panevezys"]
[Date "2019.06.30"]
[Round "9"]
[White "Stasans, Aivars"]
[Black "Juknis, Paulius"]
[Result "1/2-1/2"]
[WhiteElo "2039"]
[BlackElo "2169"]
[Annotator "NA"]
[PlyCount "93"]
[EventDate "2019.??.??"]
[EventCountry "LTU"]
[SourceTitle "playchess.com"]
[Source "ChessBase"]
[SourceQuality "1"]
[TimeControl "40/5400+30:1800+30"]

1. e4 e6 2. d4 d5 3. Nc3 Nc6 4. e5 f6 5. exf6 Nxf6 6. Nf3 Bd6 7. Bg5 O-O 8. Bd3 Qe8 9. Qe2 Qh5 10. Bxf6 Rxf6 11. O-O-O Bd7 12. Bb5 Raf8 13. Rhe1 Qg4 14. Rg1 Bxh2 15. Nxh2 Qf4+ 16. Qe3 Qxh2 17. f3 Qh6 18. Rge1 Nb8 19. Bf1 b6 20. Kb1 Qxe3 21. Rxe3 Rc8 22. Ne2 Bb5 23. Nc1 Bxf1 24. Rxf1 c5 25. Rfe1 Rc6 26. Ra3 a5 27. dxc5 Rxc5 28. Nd3 Rc7 29. Ne5 Nd7 30. Nxd7 Rxd7 31. Rc3 Re7 32. Rc8+ Kf7 33. Rd8 Rb7 34. c3 b5 35. Kc2 g5 36. Ra8 a4 37. b3 axb3+ 38. Kxb3 Rf4 39. Ra6 b4 40. Rexe6 Rc4 41. cxb4 Rbxb4+ 42. Ka3 Rb1 43. Red6 Rc3+ 44. Ka4 Rb2 45. Rxd5 Rxa2+ 46. Kb4 Rxa6 47. Kxc3 1/2-1/2

[Event "Panevezys Elite Open 2019"]
[Site "Panevezys"]
[Date "2019.06.30"]
[Round "9.1"]
[White "Krishna Teja, N."]
[Black "Badelka, Olga"]
[Result "*"]
[WhiteElo "2357"]
[BlackElo "2391"]
[Annotator "ChessBase"]
[PlyCount "33"]
[EventDate "2019.06.24"]
[EventType "swiss"]
[EventCountry "LTU"]
[SourceTitle "playchess.com"]
[Source "ChessBase"]
[SourceQuality "1"]
[TimeControl "40/5400+30:1800+30"]

1. d4 {[%emt 0:02:21]} d5 {[%emt 0:00:00]} 2. c4 {[%emt 0:00:38]} dxc4 {[%emt 0:00:00]} 3. e4 {[%emt 0:00:22]} Nf6 {[%emt 0:00:00]} 4. e5 {[%emt 0:00:10]} Nd5 {[%emt 0:00:01]} 5. Bxc4 {[%emt 0:00:05]} Nb6 {[%emt 0:00:10]} 6. Bd3 {[%emt 0:00:43]} Nc6 {[%emt 0:00:07]} 7. Ne2 {[%emt 0:02:21]} Bg4 {[%emt 0:00:17]} 8. Be3 {[%emt 0:00:27]} e6 {[%emt 0:00:17]} 9. Nbc3 {[%emt 0:00:56]} Qd7 {[%emt 0:00:33]} 10. O-O {[%emt 0:09:59]} O-O-O {[%emt 0:00:15]} 11. f3 {[%emt 0:01:11]} Bh5 {[%emt 0:00:18]} 12. a4 {[%emt 0:04:22]} a6 {[%emt 0:03:00]} 13. a5 {[%emt 0:08:21]} Nd5 {[%emt 0:00:10]} 14. Nxd5 {[%emt 0:00:44]} exd5 {[%emt 0:00:07]} 15. Ng3 {[%emt 0:02:01]} Bg6 {[%emt 0:00:10]} 16. f4 {[%emt 0:00:15]} Bxd3 {[%emt 0:00:43]} 17. Qxd3 {[%emt 0:00:03]} *

[Event "Panevezys Elite Open 2019"]
[Site "Panevezys"]
[Date "2019.06.30"]
[Round "9.5"]
[White "Krykun, Yuriy"]
[Black "Krivonosov, Oleg"]
[Result "*"]
[WhiteElo "2342"]
[BlackElo "2411"]
[Annotator "ChessBase"]
[PlyCount "30"]
[EventDate "2019.06.24"]
[EventType "swiss"]
[EventCountry "LTU"]
[SourceTitle "playchess.com"]
[Source "ChessBase"]
[SourceQuality "1"]
[TimeControl "40/5400+30:1800+30"]

1. d4 {[%emt 0:00:00]} d5 {[%emt 0:00:00]} 2. c4 {[%emt 0:00:30]} e6 {[%emt 0:00:30]} 3. Nc3 {[%emt 0:00:30]} Be7 {[%emt 0:00:38]} 4. Nf3 Nf6 {[%emt 0:00:30]} 5. g3 {[%emt 0:01:00]} O-O {[%emt 0:00:30]} 6. Bg2 {[%emt 0:00:30]} c6 {[%emt 0:00:46]} 7. O-O {[%emt 0:00:54]} Nbd7 {[%emt 0:01:11]} 8. Qd3 {[%emt 0:01:22]} b6 9. b3 {[%emt 0:01:17]} Bb7 {[%emt 0:01:48]} 10. Bb2 {[%emt 0:01:36]} Rc8 {[%emt 0:05:32]} 11. Rfd1 Qc7 {[%emt 0:00:36]} 12. Rac1 {[%emt 0:08:51]} Qb8 13. e4 {[%emt 0:02:10]} dxe4 {[%emt 0:07:09]} 14. Nxe4 {[%emt 0:02:32]} c5 15. Nxf6+ Bxf6 {[%emt 0:03:05]} *

[Event "Panevezys Elite Open 2019"]
[Site "Panevezys"]
[Date "2019.06.30"]
[Round "9.6"]
[White "Stauskas, Lukas"]
[Black "Brazdzionis, Andrius"]
[Result "*"]
[WhiteElo "2306"]
[BlackElo "2337"]
[Annotator "ChessBase"]
[PlyCount "23"]
[EventDate "2019.06.24"]
[EventType "swiss"]
[EventCountry "LTU"]
[SourceTitle "playchess.com"]
[Source "ChessBase"]
[SourceQuality "1"]
[TimeControl "40/5400+30:1800+30"]

1. d4 {[%emt 0:00:00]} d5 {[%emt 0:00:00]} 2. c4 {[%emt 0:00:00]} e6 {[%emt 0:00:04]} 3. Nc3 {[%emt 0:00:00]} a6 {[%emt 0:00:08]} 4. cxd5 {[%emt 0:00:21]} exd5 {[%emt 0:00:08]} 5. Bf4 {[%emt 0:00:02]} Nf6 {[%emt 0:00:21]} 6. e3 {[%emt 0:00:07]} Bd6 {[%emt 0:00:07]} 7. Bg3 {[%emt 0:00:07]} O-O {[%emt 0:00:40]} 8. Bd3 {[%emt 0:00:32]} Re8 {[%emt 0:01:17]} 9. Nge2 {[%emt 0:01:53]} c6 {[%emt 0:04:31]} 10. Qc2 {[%emt 0:05:42]} Bg4 {[%emt 0:05:52]} 11. Bh4 {[%emt 0:01:25]} h6 {[%emt 0:02:04]} 12. f3 {[%emt 0:20:53]} *

[Event "Panevezys Elite Open 2019"]
[Site "Panevezys"]
[Date "2019.06.30"]
[Round "9.7"]
[White "Juksta, Karolis"]
[Black "Semjonovs, Ilja"]
[Result "*"]
[WhiteElo "2261"]
[BlackElo "2383"]
[Annotator "ChessBase"]
[PlyCount "28"]
[EventDate "2019.06.24"]
[EventType "swiss"]
[EventCountry "LTU"]
[SourceTitle "playchess.com"]
[Source "ChessBase"]
[SourceQuality "1"]
[TimeControl "40/5400+30:1800+30"]

1. d4 {[%emt 0:00:00]} Nf6 {[%emt 0:06:29]} 2. c4 {[%emt 0:00:00]} g6 {[%emt 0:00:14]} 3. Nc3 {[%emt 0:00:00]} d5 {[%emt 0:00:05]} 4. cxd5 {[%emt 0:00:00]} Nxd5 {[%emt 0:00:07]} 5. e4 {[%emt 0:00:00]} Nxc3 {[%emt 0:00:04]} 6. bxc3 {[%emt 0:00:02]} Bg7 {[%emt 0:00:05]} 7. Nf3 {[%emt 0:00:06]} O-O {[%emt 0:00:35]} 8. Be2 {[%emt 0:00:13]} c5 {[%emt 0:01:08]} 9. O-O {[%emt 0:00:10]} b6 {[%emt 0:00:32]} 10. Bg5 {[%emt 0:04:16]} Bb7 {[%emt 0:10:04]} 11. Qd3 {[%emt 0:00:07]} cxd4 {[%emt 0:02:01]} 12. cxd4 {[%emt 0:00:12]} Qd7 {[%emt 0:01:59]} 13. Rad1 {[%emt 0:01:06]} e6 {[%emt 0:01:56]} 14. Qe3 {[%emt 0:01:33]} Nc6 {[%emt 0:09:32]} *

[Event "Panevezys Elite Open 2019"]
[Site "Panevezys"]
[Date "2019.06.30"]
[Round "9.8"]
[White "Zhukov, Anton"]
[Black "Stremavicius, Titas"]
[Result "*"]
[WhiteElo "2178"]
[BlackElo "2477"]
[Annotator "ChessBase"]
[PlyCount "24"]
[EventDate "2019.06.24"]
[EventType "swiss"]
[EventCountry "LTU"]
[SourceTitle "playchess.com"]
[Source "ChessBase"]
[SourceQuality "1"]
[TimeControl "40/5400+30:1800+30"]

1. d4 {[%emt 0:00:00]} Nf6 {[%emt 0:00:53]} 2. c4 {[%emt 0:00:00]} e6 {[%emt 0:00:06]} 3. Nf3 {[%emt 0:00:00]} d5 {[%emt 0:00:08]} 4. Nc3 {[%emt 0:00:20]} Nbd7 {[%emt 0:00:20]} 5. Bf4 {[%emt 0:02:19]} dxc4 {[%emt 0:00:19]} 6. e3 {[%emt 0:09:12]} Nd5 {[%emt 0:00:10]} 7. Bxc4 {[%emt 0:03:01]} Nxf4 {[%emt 0:00:12]} 8. exf4 {[%emt 0:00:02]} Nb6 {[%emt 0:00:15]} 9. Bb3 {[%emt 0:02:58]} g6 {[%emt 0:00:13]} 10. O-O {[%emt 0:02:57]} Bg7 {[%emt 0:00:11]} 11. Rc1 {[%emt 0:05:19]} O-O {[%emt 0:00:40]} 12. Qe2 {[%emt 0:03:19]} a5 {[%emt 0:08:14]} *

[Event "Panevezys Elite Open 2019"]
[Site "Panevezys"]
[Date "2019.06.30"]
[Round "9.9"]
[White "Sliwicka, Alicja"]
[Black "Rudzinska, Michalina"]
[Result "*"]
[WhiteElo "2261"]
[BlackElo "2143"]
[Annotator "ChessBase"]
[PlyCount "33"]
[EventDate "2019.06.24"]
[EventType "swiss"]
[EventCountry "LTU"]
[SourceTitle "playchess.com"]
[Source "ChessBase"]
[SourceQuality "1"]
[TimeControl "40/5400+30:1800+30"]

1. e4 {[%emt 0:00:00]} c5 {[%emt 0:00:00]} 2. Nf3 {[%emt 0:00:00]} e6 {[%emt 0:00:00]} 3. c4 {[%emt 0:00:00]} a6 {[%emt 0:00:00]} 4. Nc3 {[%emt 0:00:02]} Nc6 {[%emt 0:00:33]} 5. d4 {[%emt 0:00:12]} cxd4 {[%emt 0:00:07]} 6. Nxd4 {[%emt 0:00:05]} Qc7 {[%emt 0:00:09]} 7. Be3 {[%emt 0:00:18]} Nf6 {[%emt 0:00:21]} 8. Rc1 {[%emt 0:00:43]} Be7 {[%emt 0:01:08]} 9. Be2 {[%emt 0:00:27]} d6 {[%emt 0:01:43]} 10. f3 {[%emt 0:00:38]} O-O {[%emt 0:00:43]} 11. O-O {[%emt 0:00:35]} Nxd4 {[%emt 0:03:49]} 12. Bxd4 {[%emt 0:04:49]} Nd7 {[%emt 0:03:38]} 13. Qd2 {[%emt 0:02:53]} b6 {[%emt 0:00:40]} 14. Rfd1 {[%emt 0:03:01]} Bb7 {[%emt 0:00:45]} 15. Bf1 {[%emt 0:01:46]} Rac8 {[%emt 0:02:50]} 16. a3 {[%emt 0:07:31]} Qb8 {[%emt 0:01:42]} 17. Qf2 {[%emt 0:04:56]} *

[Event "Panevezys Elite Open 2019"]
[Site "Panevezys"]
[Date "2019.06.30"]
[Round "9.10"]
[White "Stasans, Aivars"]
[Black "Juknis, Paulius"]
[Result "*"]
[WhiteElo "2039"]
[BlackElo "2169"]
[Annotator "ChessBase"]
[PlyCount "25"]
[EventDate "2019.06.24"]
[EventType "swiss"]
[EventCountry "LTU"]
[SourceTitle "playchess.com"]
[Source "ChessBase"]
[SourceQuality "1"]
[TimeControl "40/5400+30:1800+30"]

1. e4 {[%emt 0:00:00]} e6 {[%emt 0:00:00]} 2. d4 {[%emt 0:00:00]} d5 {[%emt 0:00:00]} 3. Nc3 {[%emt 0:00:00]} Nc6 {[%emt 0:00:00]} 4. e5 {[%emt 0:01:17]} f6 {[%emt 0:00:13]} 5. exf6 {[%emt 0:02:54]} Nxf6 {[%emt 0:00:16]} 6. Nf3 {[%emt 0:00:09]} Bd6 {[%emt 0:01:03]} 7. Bg5 {[%emt 0:05:42]} O-O {[%emt 0:03:38]} 8. Bd3 {[%emt 0:04:53]} Qe8 {[%emt 0:02:47]} 9. Qe2 {[%emt 0:05:13]} Qh5 {[%emt 0:00:54]} 10. Bxf6 {[%emt 0:00:10]} Rxf6 {[%emt 0:00:09]} 11. O-O-O {[%emt 0:00:25]} Bd7 {[%emt 0:00:34]} 12. Bb5 {[%emt 0:04:12]} Raf8 {[%emt 0:06:09]} 13. Rhe1 {[%emt 0:02:00]} *